Engineering in chalk (Record no. 103197)

MARC details
000 -LEADER
fixed length control field 01287cam a2200301 4500
008 - FIXED-LENGTH DATA ELEMENTS--GENERAL INFORMATION
fixed length control field 031113n2002 000 0 eng u
020 ## - INTERNATIONAL STANDARD BOOK NUMBER
International Standard Book Number 086017574X
035 ## - SYSTEM CONTROL NUMBER
System control number (Sirsi) u124310
041 ## - LANGUAGE CODE
Language code of text/sound track or separate title eng
050 ## - LIBRARY OF CONGRESS CALL NUMBER
Classification number 620.135
-- 18
100 ## - MAIN ENTRY--PERSONAL NAME
Personal name Lord, J. A.
245 ## - TITLE STATEMENT
Title Engineering in chalk
260 ## - PUBLICATION, DISTRIBUTION, ETC.
Place of publication, distribution, etc. London
Name of publisher, distributor, etc. CIRIA
Date of publication, distribution, etc. 2002
300 ## - PHYSICAL DESCRIPTION
Extent 350p.
Other physical details ill.
Dimensions 30cm.
350 ## - PRICE (NR) (BK AM CF MU VM SE) [OBSOLETE]
Price 110
490 ## - SERIES STATEMENT
Series statement CIRIA Publication
Volume/sequential designation C574
520 ## - SUMMARY, ETC.
Summary, etc. This publication provides guidance on engineering in chalk. It describes the chalk's geological setting, its origins and occurrence, and its material and mechanical properties. It then covers chalk in embankments and fills; cuttings, retaining structures and anchorages in chalk; shallow foundations; piled foundations; and site investigations. Glossary, references and various appendices.
650 ## - SUBJECT ADDED ENTRY--TOPICAL TERM
Topical term or geographic name entry element CHALK
650 ## - SUBJECT ADDED ENTRY--TOPICAL TERM
Topical term or geographic name entry element GROUND ENGINEERING
650 ## - SUBJECT ADDED ENTRY--TOPICAL TERM
Topical term or geographic name entry element SITE INVESTIGATION
650 ## - SUBJECT ADDED ENTRY--TOPICAL TERM
Topical term or geographic name entry element BUILT ENVIRONMENT-BUILDING ELEMENTS-COMPLETE BUILDING ELEMENTS-FOUNDATIONS
690 ## - LOCAL SUBJECT ADDED ENTRY--TOPICAL TERM (OCLC, RLIN)
Topical term or geographic name as entry element BUILDING AND CONSTRUCTION-ENGINEERING
700 ## - ADDED ENTRY--PERSONAL NAME
Personal name Clayton, C. R. I.
700 ## - ADDED ENTRY--PERSONAL NAME
Personal name Mortimore, R. N.
710 ## - ADDED ENTRY--CORPORATE NAME
Corporate name or jurisdiction name as entry element Construction Industry Research and Information Association
9 (RLIN) 4810
710 ## - ADDED ENTRY--CORPORATE NAME
Corporate name or jurisdiction name as entry element United Kingdom
Subordinate unit Department of Trade and Industry
942 ## - ADDED ENTRY ELEMENTS (KOHA)
Suppress in OPAC 0
Holdings
Withdrawn status Lost status Source of classification or shelving scheme Damaged status Not for loan Home library Current library Shelving location Date acquired Total Checkouts Full call number Barcode Date last seen Copy number Price effective from Koha item type
    Dewey Decimal Classification     London London Folio 13/11/2003   F620.135 LOR 30067890 06/08/2019 1 06/08/2019 Book